Теория вероятностей: учебное пособие

Dades bibliogràfiques
Autor principal: Афанасьев В. В. Владимир Васильевич
Sumari:В пособии изложены основные идеи теории вероятностей, математической статистики, энтропии и информации. Каждая глава содержит перечень опорных понятий, теорем, умений, навыков, методов и алгоритмов. В начале параграфов даются краткие теоретические сведения, содержание которых раскрывается вопросами для самоконтроля, решенными примерами и трехуровневой системой задач. Учебное пособие адресовано студентам высших учебных заведений.
Idioma:rus
Publicat: Москва, ВЛАДОС, 2007
Col·lecció:Учебник для вуза
Matèries:
Format: Llibre
KOHA link:https://koha.lib.tpu.ru/cgi-bin/koha/opac-detail.pl?biblionumber=154784

MARC

LEADER 00000nam0a2200000 4500
001 154784
005 20231101221805.0
010 |a 9785691015250  |b (в пер.)  |b 10000 экз. 
021 |a RU  |b 07-79896  |9 07-4300 
035 |a (RuTPU)RU\TPU\book\167883 
090 |a 154784 
100 |a 20071213d2007 m y0rusy5002 ca 
101 0 |a rus 
102 |a RU 
105 |a a j 001zy 
200 1 |a Теория вероятностей  |e учебное пособие  |f В. В. Афанасьев 
210 |a Москва  |c ВЛАДОС  |d 2007 
215 |a 350 с.  |c ил.  |d 22 см. 
225 1 |a Учебник для вуза 
320 |a Библиогр.: с. 349-350. 
330 |a В пособии изложены основные идеи теории вероятностей, математической статистики, энтропии и информации. Каждая глава содержит перечень опорных понятий, теорем, умений, навыков, методов и алгоритмов. В начале параграфов даются краткие теоретические сведения, содержание которых раскрывается вопросами для самоконтроля, решенными примерами и трехуровневой системой задач. Учебное пособие адресовано студентам высших учебных заведений. 
606 1 |a Вероятностей теория  |2 stltpush  |3 (RuTPU)RU\TPU\subj\2254  |9 30841 
610 1 |a учебные пособия 
610 1 |a комбинаторика 
610 1 |a математическая статистика 
610 1 |a случайные величины 
610 1 |a энтропия 
610 1 |a информация 
610 1 |a математическая статистика 
675 |a 519.21(075.8)  |v 3  |z rus 
700 1 |a Афанасьев  |b В. В.  |g Владимир Васильевич  |4 070 
801 1 |a RU  |b 63413507  |c 20090304  |g PSBO 
801 2 |a RU  |b 63413507  |c 20120409  |g PSBO 
900 |a Теория вероятностей и математическая статистика 
900 |a Теория вероятностей, математическая статистика и случайные процессы 
942 |c BK 
951 |b 010100  |b 010101 
959 |a 30/20090218  |d 1  |e 333,63  |f ЧЗТЛ:1